Information retrieval / (Record no. 141015)

MARC details
000 -LEADER
fixed length control field 00833nam a2200289 a 4500
001 - CONTROL NUMBER
control field vtls000135664
003 - CONTROL NUMBER IDENTIFIER
control field NLI
005 - DATE AND TIME OF LATEST TRANSACTION
control field 20210601211259.0
008 - FIXED-LENGTH DATA ELEMENTS--GENERAL INFORMATION
fixed length control field 101125s1979 enka 000 0 eng
020 ## - INTERNATIONAL STANDARD BOOK NUMBER
International Standard Book Number 0408709294 :
Terms of availability USD 12.50
039 #9 - LEVEL OF BIBLIOGRAPHIC CONTROL AND CODING DETAIL [OBSOLETE]
-- 201011251441
-- VLOAD
040 0# - CATALOGING SOURCE
Original cataloging agency NLI
Language of cataloging eng
Transcribing agency Entertech-FY 2010
Description conventions AACR2
041 0# - LANGUAGE CODE
Language code of text/sound track or separate title eng
044 ## - COUNTRY OF PUBLISHING/PRODUCING ENTITY CODE
MARC country code enk
082 04 - DEWEY DECIMAL CLASSIFICATION NUMBER
Classification number 010.78
100 1# - MAIN ENTRY--PERSONAL NAME
Personal name Rijsbergen, C. J. Van
9 (RLIN) 275498
245 10 - TITLE STATEMENT
Title Information retrieval /
Statement of responsibility, etc. C. J. Van Rijsbergen
250 ## - EDITION STATEMENT
Edition statement 2nd ed.
260 ## - PUBLICATION, DISTRIBUTION, ETC.
Place of publication, distribution, etc. London :
Name of publisher, distributor, etc. Butterworths,
Date of publication, distribution, etc. 1979
300 ## - PHYSICAL DESCRIPTION
Extent ix, 208 p. :
Other physical details ill. ;
Dimensions 23 cm.
650 #0 - SUBJECT ADDED ENTRY--TOPICAL TERM
Topical term or geographic name entry element Information storage and retrieval systems
9 (RLIN) 1865
887 ## - NON-MARC INFORMATION FIELD
Content of non-MARC field
901 ## - LOCAL DATA ELEMENT A, LDA (RLIN)
a 451687
b 2.6.1979.
902 ## - LOCAL DATA ELEMENT B, LDB (RLIN)
a E 010.78 V 357
949 ## - LOCAL PROCESSING INFORMATION (OCLC)
-- VIRTUAITEM
-- 10000
-- 100
6 PUR000451687ENG
942 ## - ADDED ENTRY ELEMENTS (KOHA)
Source of classification or shelving scheme Dewey Decimal Classification
Koha item type Books
Holdings
Withdrawn status Lost status Damaged status Not for loan Collection code Home library Current library Shelving location Date acquired Total Checkouts Full call number Barcode Date last seen Price effective from Koha item type
        New English National Library of India National Library of India New English - Main Stack Division     E 010.78 V 357 PUR000451687ENG 01/06/2021 01/06/2021 Books
                                                                           
web counter

Copyright ©2020 The National Library of India, Govt. of India ↔ Hosted by NVLI, MOC ↔ Technology and Design by National Library of India, Ministry of Culture, Govt. of India